00548nam a22001457a 4500003000500000038001800005082000800023100002000031245016000051264003300211300002500244650004100269700003400310856005800344NUST aNusrat Nadeem a200 aFarooq, Mahnoor aThe Perspective of Primary School Teachers on the Learning Loss of Students due to Prolonged Unplanned School Closure (PUSC) in Pakistan/cMahnoor Farooq,  aIslamabad;bS3H NUST;c2024. a103,p;bill;c30,cm. aMS- Career Counselling and Education aSupervisor: Dr. Saeeds Khanum u http://10.250.8.41:8080/xmlui/handle/123456789/45764